Music Quiz

Random Music or Canada Quiz

Canadian Top 150 Quiz Stats

 Plays Quiz Updated Jul 1, 2017

Support Sporcle.
Go Orange.
Score 0/150 Timer 15:00
2 Plays Today
# / Year Artist % Correct
130 / 1997Celine Dion
87.2%
1 / 1991Bryan Adams
86%
27 / 1985Bryan Adams
86%
35 / 1994Bryan Adams, Rod Stewart And Sting
86%
33 / 1991Bryan Adams
86%
34 / 1995Bryan Adams
86%
82 / 1993Bryan Adams
86%
70 / 1985Bryan Adams
86%
72/ 1985Bryan Adams
86%
86 / 1987Bryan Adams
86%
146 / 1985Bryan Adams
86%
138 / 1983Bryan Adams
86%
133 / 1985Bryan Adams
86%
7 / 1996Celine Dion
86%
15 / 1994Celine Dion
86%
14 / 1996Celine Dion
86%
52 / 1991Celine Dion
86%
102 / 1992Celine Dion
86%
80 / 2000Celine Dion
86%
73 / 1998Celine Dion
86%
147 / 1992Drake
83%
121 / 2010Justin Bieber
77.6%
99 / 2013Drake
76.6%
136 / 2011Drake
76.6%
2 / 2001Nickelback
76.1%
25 / 2005Nickelback
76.1%
77 / 2004Nickelback
76.1%
106 / 2007Nickelback
76.1%
92 / 2006Nickelback
76.1%
132 / 2008Nickelback
76.1%
150 / 2006Nickelback
76.1%
3 / 2012Carly Rae Jepsen
76%
144 / 2010Michael Bublé
75.7%
122 / 1998Shania Twain
73.9%
4 / 1998Shania Twain
73.7%
126 / 1999Shania Twain
73.7%
8 / 2016Justin Bieber
73.2%
10 / 2016Justin Bieber
73.2%
20 / 2015Justin Bieber
73.2%
68 / 2012Justin Bieber ft. Big Sean
73.2%
85 / 2012Justin Bieber
73.2%
97 / 2013Justin Bieber ft. Nicki Minaj
73.2%
131 / 2009Drake ft. Kanye West, Lil Wayne & Eminem
72.1%
6 / 2016Drake featuring Wizkid and Kyla
72.1%
19 / 2015Drake
72.1%
56 / 2013Drake ft. Majid Jordan
72.1%
55 / 2009Drake
72.1%
124 / 2012Drake ft. Lil Wayne
72.1%
112 / 2012Drake ft. Rihanna
72.1%
116 / 2017Drake
72.1%
# / Year Artist % Correct
107 / 2010Drake
72.1%
135 / 2015Drake
72.1%
26 / 2007Avril Lavigne
71.6%
23 / 2002Avril Lavigne
71.6%
66 / 2003Avril Lavigne
71.6%
123 / 2004Avril Lavigne
71.6%
148 / 2001Nelly Furtado
69.6%
37 / 1996Alanis Morissette
65.7%
91 / 1996Alanis Morissette
65.7%
5 / 2015The Weeknd
59.8%
12 / 2015The Weeknd
59.8%
28 / 2016The Weeknd ft. Daft Punk
59.8%
40 / 2015The Weeknd
59.8%
43 / 1972Neil Young
59.4%
87 / 2001Nelly Furtado
58.4%
11 / 2006Nelly Furtado ft. Timbaland
58.4%
36 / 2007Nelly Furtado
58.4%
59 / 1968Steppenwolf
57.8%
60 / 1968Steppenwolf
57.8%
31 / 1970The Guess Who
50.2%
90 / 1974The Guess Who
50.2%
101 / 1969The Guess Who
50.2%
113 / 1970The Guess Who
50.2%
46 / 1974Bachman-Turner Overdrive
50.1%
137 / 1974Bachman-Turner Overdrive
50.1%
50 / 1983Men Without Hats
49.1%
16 / 2006Daniel Powter
47.4%
69 / 1998Barenaked Ladies
45.9%
29 / 1974Gordon Lightfoot
45.5%
38 / 1976Gordon Lightfoot
45.5%
100 / 1971Gordon Lightfoot
45.5%
134 / 1974Gordon Lightfoot
45.5%
45 / 1985Corey Hart
42.4%
88 / 1984Corey Hart
42.4%
18 / 1990Alannah Myles
42.4%
32 / 1978Anne Murray
40.8%
65 / 1973Anne Murray
40.8%
104 / 1974Anne Murray
40.8%
128 / 1970Anne Murray
40.8%
145 / 1974Anne Murray
40.8%
149 / 1980Anne Murray
40.8%
22 / 1993Snow
39.4%
30 / 2015Shawn Mendes
38.7%
79 / 2016Shawn Mendes
38.7%
96 / 1994Crash Test Dummies
38%
9 / 1974Terry Jacks
37%
143 / 1999Anne Murray
37%
125 / 1999Len
35.4%
78 / 1970The Poppy Family (ft. Susan Jacks)
34.2%
24 / 1974Paul Anka with Odia Coates
33.3%
# / Year Artist % Correct
108 / 1975Paul Anka with Odia Coates
33.3%
98 / 1975Paul Anka with Odia Coates
33.3%
67 / 1976Paul Anka
33.3%
110 / 1992Tom Cochrane
31.3%
48 / 1998Sarah McLachlan
30%
76 / 1999Sarah McLachlan
30%
17 / 2014MAGIC!
29.5%
120 / 1985Loverboy
25.1%
129 / 1986Loverboy
25.1%
139 / 1986Loverboy
25.1%
61 / 1969Blood, Sweat & Tears
24.3%
63 / 1969Blood, Sweat & Tears
24.3%
53 / 1969Blood, Sweat & Tears
24.3%
62 / 2008Finger Eleven
23.1%
84 / 2016Alessia Cara
22.6%
119 / 2017Alessia Cara
22.6%
21 / 1978Nick Gilder
22.6%
51 / 1986Glass Tiger
21.7%
89 / 1987Glass Tiger
21.7%
103 / 1974Joni Mitchell
21%
71 / 1987Dan Hill & Vonda Sheppard
20.9%
49 / 1978Dan Hill
20.9%
39 / 1974Andy Kim
20%
111 / 1969Andy Kim
20%
75 / 1989The Jeff Healey Band
16%
109 / 1984Mike Reno & Ann Wilson
15.1%
117 / 1977Burton Cummings
15%
118 / 1996Jann Arden
15%
95 / 1971Five Man Electrical Band
14.5%
83 / 2002Chad Kroeger ft. Josey Scott
13.7%
57 / 1978Gino Vannelli
13.4%
64 / 1981Gino Vannelli
13.4%
127 / 1971Stampeders
13%
74 / 1970R. Dean Taylor
11.9%
13 / 1998Deborah Cox
11.6%
42 / 1989Sheriff
11.4%
41 / 1990Jane Child
10.5%
140 / 1985David Foster
10.2%
81 / 1979Frank Mills
10.1%
44 / 1973DeFranco Family ft. Tony DeFranco
10%
114 / 1968The Irish Rovers
9.1%
58 / 1971Ocean
8.4%
54 / 1990Alias
8.2%
142 / 2002Default
8%
47 / 1973Edward Bear
7.1%
93 / 2008Kardinal Offishall ft. Akon
7%
105 / 1973Skylark
5.9%
141 / 1987The Nylons
5.6%
115 / 1971The Bells
5%
94 / 1974Byron MacGregor
3.7%

You're not logged in!

Compare scores with friends on all Sporcle quizzes.
OR
Log In
Forgot?

From the Vault

Which Movie Character?

by strokes_static

We hope you don't feel the need to sing, "If I Only Had a Brain" after you finish this quiz.
Remove Ads.
Support Sporcle.
Get the best of Sporcle when you Go Orange. This ad-free experience offers more features, more stats, and more fun while also helping to support Sporcle. Thank you for becoming a member.

Show Comments

Extras

Top Quizzes Today


Score Distribution

Your Account Isn't Verified!

In order to create a playlist on Sporcle, you need to verify the email address you used during registration. Go to your Sporcle Settings to finish the process.

Report this User

Report this user for behavior that violates our Community Guidelines.

Details: